Statistics for Guess the State by Famous Landmarks

Click here to take the quiz!

General Stats

  • This quiz has been taken 29 times
  • The average score is 13 of 16

Answer Stats

Answer% Correct
Arizona
100%
California
96%
Florida
96%
New York
96%
Missouri
92%
Nevada
92%
Pennsylvania
92%
South Dakota
92%
Washington
92%
Texas
88%
Wyoming
85%
Alaska
81%
Illinois
81%
Georgia
38%
New Mexico
38%
Louisiana
27%

Score Distribution

Percentile by Number Answered

Percent of People with Each Score

Your Score History

You have not taken this quiz